| 000 | 00620nam a2200217 a 4500 | ||
|---|---|---|---|
| 999 |
_c4337 _d4337 |
||
| 001 | 4327 | ||
| 003 | BD-JhCC | ||
| 005 | 20171126164455.0 | ||
| 008 | 171005s2008 bg |||| |||| 000 0 beg d | ||
| 020 | _a9789849076438 | ||
| 035 | _a(BD-JhCC) | ||
| 040 |
_aBD-JhCC _dBD-JhCC |
||
| 041 | _abeg | ||
| 082 |
_a920 _bJAS 2008 |
||
| 100 | _aজসীম, প্রত্যয় | ||
| 245 |
_aমওলানা ভাসানী / _cপ্রত্যয় জসীম |
||
| 260 |
_aঢাকাঃ _bকথাপ্রকাশ, _c২০০৮। |
||
| 300 |
_a63 p.; _c22 cm |
||
| 650 | _aBiography | ||
| 942 |
_2ddc _cBK |
||